| 000 | 00511nam a2200205Ia 4500 | ||
|---|---|---|---|
| 003 | OSt | ||
| 005 | 20230413161042.0 | ||
| 008 | 210423s2004 xx 000 0 und d | ||
| 020 | _a0-75256-556-0 | ||
| 040 | _cAL | ||
| 041 | _aeng | ||
| 082 |
_a813.6 _223 _bLUDL |
||
| 100 |
_aLUDLUM (Robert);LARKIN (Patrick) _988423 |
||
| 245 | _aLazarus vendetta | ||
| 260 |
_aLondon _bOrion books _c2004 |
||
| 300 |
_a409 _bPB |
||
| 650 |
_aAmerican Fiction _988424 |
||
| 906 | _aLazarus ; vendetta | ||
| 942 |
_2ddc _cBK |
||
| 999 |
_c169973 _d169973 |
||